| 000 | 01211cam a22002651 4500 | ||
|---|---|---|---|
| 001 | sa 68001418 | ||
| 003 | DLC | ||
| 005 | 20260227112433.0 | ||
| 008 | 710903s1955 ii abef b 100 0 eng | ||
| 010 | _asa 68001418 | ||
| 040 |
_aDLC _cDLC _dDLC |
||
| 050 | 0 | 0 |
_aTH153 _b.S9 1952 |
| 111 | 2 |
_aSymposium on Scientific Principles and Their Application in Tropical Building Design and Construction, _cDelhi, _d1952. |
|
| 245 | 0 | 0 | _aProceedings. |
| 260 |
_aNew Delhi, _bNational Institute of Sciences of India, _c1955. |
||
| 300 |
_axxxi, 392 p. _billus., maps, plans, plates. _c25 cm. |
||
| 490 | 1 |
_aNational Institute of Sciences of India. Bulletin, _vno. 6 |
|
| 500 | _aCover title. | ||
| 500 | _aOrganized by the National Institute of Sciences of India in collaboration with the UNESCO Science Co-operation Office for South Asia. | ||
| 504 | _a"Select list of periodicals [and publications] on buildings and allied subjects, compiled by INSDOC": p. [348]-357. | ||
| 650 | 0 |
_aBuildings _xTropic _xCongresses. |
|
| 710 | 2 | _aNational Institute of Sciences of India. | |
| 710 | 2 |
_aUnesco. _bSouth Asia Science Co-operation Office. |
|
| 830 | 0 |
_aBulletin of the National Institute of Sciences of India ; _vno. 6. |
|
| 999 |
_c77931 _d77931 |
||